| 000 | 00884nam a22002057a 4500 | ||
|---|---|---|---|
| 999 |
_c61296 _d61296 |
||
| 005 | 20240130173102.0 | ||
| 008 | 240130s2020gw xxu||||| |||| 00| 0 ger d | ||
| 020 | _a9783411040186 X | ||
| 041 | _ager | ||
| 080 | _a81'374.81+811.112(038) D-84 | ||
| 245 |
_a Die deutsche Rechtschreibung : _b28., völlig neu bearbeitete und erweiterte Auflage |
||
| 264 |
_a Berlin: _bDudenverlag, _c2020. |
||
| 300 |
_a 1294 Seiten; _b20 cm. |
||
| 653 | _a Die deutsche Rechtschreibung | ||
| 653 | _a Deutsch Dictionaries | ||
| 653 | _a German language Orthography and spelling German language Orthography and spelling Dictionaries Rechtschreibung Wörterbuch | ||
| 653 | _aგერმანული ენის ორთოგრაფიული და მართლწერის ლექსიკონი | ||
| 653 | _aლექსიკონი | ||
| 942 |
_2udc _cᲬᲘᲒᲜᲘ |
||